000 00563nam a2200181 a 4500
005 20140311163016.0
008 070222s19uu xx 00 eng d
020 _a0007163908
050 _aND 2420
_b.H318 1998
100 _aHarrison, Don
245 _aWatercolour troubleshooter :
_bpractical solutions to common painting problems /
_cDon Harrison
260 _aLondon :
_bHarper Collins Publisher,
_c1998.
300 _a96 p. :
_bill. col. ;
_c25 cm.
521 _aMA
650 _aWatercolor painting
_xTechnique.
942 _cBK
_2lcc
_kFOR
999 _c39422
_d39422